Kémperek és nyílt erőszak a Délvidéken az impériumválás éveiben 1922-1923 /

Elmentve itt :
Bibliográfiai részletek
Szerző: Dévavári Zoltán
Dokumentumtípus: Cikk
Megjelent: University of Szeged, Magyar Medievisztikai Kutatócsoport Szeged 2012
Sorozat:Acta Universitatis Szegediensis : acta historica 134
Kulcsszavak:Délvidék története - 1922-1923
Tárgyszavak:
Online Access:http://acta.bibl.u-szeged.hu/30504
LEADER 00850nab a2200205 i 4500
001 acta30504
005 20260128114447.0
008 161017s2012 hu o 000 hun d
022 |a 0324-6965 
040 |a SZTE Egyetemi Kiadványok Repozitórium  |b hun 
041 |a hun 
100 1 |a Dévavári Zoltán 
245 1 0 |a Kémperek és nyílt erőszak a Délvidéken az impériumválás éveiben   |h [elektronikus dokumentum] :  |b 1922-1923 /  |c  Dévavári Zoltán 
260 |a University of Szeged, Magyar Medievisztikai Kutatócsoport  |b Szeged  |c 2012 
300 |a 85-98 
490 0 |a Acta Universitatis Szegediensis : acta historica  |v 134 
650 4 |a Bölcsészettudományok 
650 4 |a Történettudomány és régészet 
695 |a Délvidék története - 1922-1923 
856 4 0 |u http://acta.bibl.u-szeged.hu/30504/1/historica_134_085-098.pdf  |z Dokumentum-elérés